000 00499nam a22001697a 4500
005 20251108175527.0
008 250721s2016 xx 000 0 ara d
082 1 4 _aق/مجد
100 1 _aمجدي، محمد
245 1 0 _aقلوب مضادة للرصاص/ رواية /
264 1 _aد.م :
_bدار دون للنشر والتوزيع،
_c2016.
300 _a248ص.
650 1 7 _aالادب العربي
650 1 7 _aالروايات العربية
942 _2ddc
_cBK
999 _c136202
_d136202